| 000 | 00389nam a2200157Ia 4500 | ||
|---|---|---|---|
| 005 | 20250430055705.0 | ||
| 008 | 240331s9999 xx 000 0 und d | ||
| 020 | _a955201350X | ||
| 082 |
_bSUR _a891 |
||
| 100 | _aSuraweera,A.V | ||
| 245 | 0 | _aSahithya vichara sanhitha | |
| 260 |
_aColombo _bS. Godake & Brothers _c1995 |
||
| 300 | _a224 p ., | ||
| 650 | _aSinhala literature | ||
| 942 | _cL | ||
| 999 |
_c4922 _d4922 |
||